Interacting Particle Systems

Αποθηκεύτηκε σε:
Λεπτομέρειες βιβλιογραφικής εγγραφής
Κύριος συγγραφέας: Liggett, Thomas M. (Thomas Milton) 1944-
Μορφή: Βιβλίο
Γλώσσα:English
Δημοσίευση: New York : Springer-Verlag, 1985
Σειρά:Grundlehren der mathematischen wissenschaften ; ; 276
Θέματα:
Ετικέτες: Προσθήκη ετικέτας
Δεν υπάρχουν, Καταχωρήστε ετικέτα πρώτοι!

MARC

LEADER 00000nam a2200000 i 4500
001 1/28144
008 960524s1985 eng d
020 |a 0-387-96069-4 
035 |a 1995  |l 10038002 
040 |a GR-MY-UA  |b gre  |e aacr 
041 0 |a eng 
082 0 |a 530.15 
100 1 |a Liggett, Thomas M.  |q (Thomas Milton)  |d 1944- 
245 1 0 |a Interacting Particle Systems /  |c Thomas M. Liggett 
260 |a New York :   |b Springer-Verlag,   |c 1985 
300 |a 488 p.;  |c 24 cm. 
490 1 |a Grudlehren der mathematischen Wissenschaften  |v ; 276 
500 |a Includes bibliographical references and index 
650 0 0 |a Stochastic processes. 
650 0 0 |a Mathematical physics. 
830 0 |a Grundlehren der mathematischen wissenschaften ;  |v ; 276 
852 |a INST  |b SAMOS  |e 19960524  |h 530.15 LIG  |p 005300005108  |q 005300005108  |t BK  |y 0 
909 |a Σ  |b 039275